000 00544nam a2200193Ia 4500
003 OSt
005 20220928144545.0
006 a|||||r|||| 00| 0
007 ta
008 220927b |||||||| |||| 00| 0 eng d
024 _a71806
037 _cTextual
040 _aSDCL
_cSDCL
_beng
041 _2eng
_aeng
082 _aE9G,5,511n1,N78, L8.1-L8.2
245 0 _aADVANCES IN polyamine research. V1 -
_b 1978 - . This library has V1 -
942 _hE9G,5,511n1,N78, L8.1-L8.2
_cTEXL
_2CC
999 _c827931
_d827931